000 00535nam a2200205Ia 4500
005 20250923150200.0
008 008 250917s9999 xx 000 0 eng d
037 _aTextual
040 _aDSWL
_beng
_cDSWL
041 _aeng
_2eng
084 _qDSWL
100 _aRatra, Amiteshwas
_9843138
245 0 _aMarriage and family
_cby Amiteshwas Ratra
260 _aNew Delhi
_b Deep & Deep Sons India
_c2006
300 _a564p.
365 _aINR
_b990 . 0
925 _g990 . 0
942 _cTEXL
999 _c1460517
_d1460517